ბათუმის შოთა რუსთაველის სახელმწიფო უნივერსიტეტის ბიბლიოთეკა

Лекции по теории графов (ბიბ.ჩანაწერი № 35125)

000 -LEADER
fixed length control field 00821nam a2200253Ia 4500
001 - CONTROL NUMBER
control field 966
003 - CONTROL NUMBER IDENTIFIER
control field GE_BSU
008 - FIXED-LENGTH DATA ELEMENTS--GENERAL INFORMATION
fixed length control field 181216s||||||||xx |||||||||||||| ||und||
020 ## - INTERNATIONAL STANDARD BOOK NUMBER
International Standard Book Number 9785397002387
040 ## - CATALOGING SOURCE
Transcribing agency GE_BSU
080 ## - UNIVERSAL DECIMAL CLASSIFICATION NUMBER
Universal Decimal Classification number 510.5(075.3)
100 ## - MAIN ENTRY--PERSONAL NAME
Personal name Емеличев,В.А и др.
245 ## - TITLE STATEMENT
Title Лекции по теории графов
245 ## - TITLE STATEMENT
Remainder of title Уч-ое пособие для студ. по спец."Математика и прикладная математика
250 ## - EDITION STATEMENT
Edition statement 2-е изд-е испр.
260 ## - PUBLICATION, DISTRIBUTION, ETC.
Place of publication, distribution, etc. 2009
260 ## - PUBLICATION, DISTRIBUTION, ETC.
Name of publisher, distributor, etc. Книжный дом "Либроком
260 ## - PUBLICATION, DISTRIBUTION, ETC.
Date of publication, distribution, etc. 2009
300 ## - PHYSICAL DESCRIPTION
Extent 392стр.
653 ## - INDEX TERM--UNCONTROLLED
Uncontrolled term Лекции по теории графов
653 ## - INDEX TERM--UNCONTROLLED
Uncontrolled term Математика и прикладная математика
942 ## - ADDED ENTRY ELEMENTS (KOHA)
Koha item type წიგნი
ეგზემპლარები
Withdrawn status Lost status Damaged status Not for loan Date acquired Barcode Date last seen Price effective from Koha item type
        2018-12-17 1064 2018-12-17 2018-12-17 წიგნი